000 00497nam a22001937a 4500
003 NALT
005 20220303113905.0
008 s2005 eng d
020 _a9041124217
040 _aNALT
041 _aeng
090 _aKM 11.A78
_bE46 2005 v.5
245 0 0 _aEmployment law Asia volume V.
260 3 _aHague :
_bKluwer Law International,
_c2005
300 _a5 v. ;
_c25 cm.
650 0 4 _aLabor laws and legislation -- Asia
850 _aNALT
942 _cLB
_2local
999 _c46914
_d46914
998 _j109
_k อารีรัตน์ วิชาช่าง